Historiografická analýza osobností dejín národného hospodárstva a ich odkaz pre súčasnosť

Vplyv Henryho Forda, Tomáša Baťu a Elona Muska na formovanie podnikania a prístupu k ekonomike ako takej v období 20. až 21. storočia. Charakteristika postavenia a významom pôsobnosti Henryho Forda, Tomáša Baťu a Elona Muska v dejinách národného hospodárstva. Komparatívna analýza Henryho Forda, To...

Descripción completa

Guardado en:
Detalles Bibliográficos
Autor principal: Baláži, Peter
Formato: Capítulo de libro
Lenguaje:eslovaco
Materias:
Etiquetas: Agregar Etiqueta
Sin Etiquetas, Sea el primero en etiquetar este registro!

MARC

LEADER 00000naa a2200000 4500
001 0249737
005 20260205071632.0
041 0 |a slo 
044 |a SK 
245 1 0 |a Historiografická analýza osobností dejín národného hospodárstva a ich odkaz pre súčasnosť  |c Peter Baláži 
520 |a Vplyv Henryho Forda, Tomáša Baťu a Elona Muska na formovanie podnikania a prístupu k ekonomike ako takej v období 20. až 21. storočia. Charakteristika postavenia a významom pôsobnosti Henryho Forda, Tomáša Baťu a Elona Muska v dejinách národného hospodárstva. Komparatívna analýza Henryho Forda, Tomáša Baťa, Elona Muska a ich prínos do historiografie národného hospodárstva. 
610 2 0 |a dejiny myslenia ekonomického 
610 2 0 |a dejiny teórií ekonomických 
610 2 0 |a fordizmus 
610 2 0 |a batizmus 
610 2 0 |a podnikanie 
610 2 0 |a analýza komparatívna 
100 1 |a Baláži, Peter